Britain's modernised civil service (Record no. 119940)

MARC details
000 -LEADER
fixed length control field 00695nam a2200217Ia 4500
008 - FIXED-LENGTH DATA ELEMENTS--GENERAL INFORMATION
fixed length control field 191130s2008##################000#0#eng##
020 ## - INTERNATIONAL STANDARD BOOK NUMBER
ISBN 9780333945322
082 ## - DEWEY DECIMAL CLASSIFICATION NUMBER
Classification number 351.41 BUR
100 ## - MAIN ENTRY--AUTHOR NAME
Personal name Burnham, June
245 ## - TITLE STATEMENT
Title Britain's modernised civil service
Statement of responsibility, etc June Burnham and Robert Pyper
260 ## - PUBLICATION, DISTRIBUTION, ETC. (IMPRINT)
Place of publication Houndmills, Basingstoke, Hampshire ; New York
Name of publisher Palgrave Macmillan
Year of publication c2008
300 ## - PHYSICAL DESCRIPTION
Number of Pages xii, 275 p. : ill. ; 22 cm
500 ## - GENERAL NOTE
General note Includes bibliographical references and index
650 ## - SUBJECT ADDED ENTRY--TOPICAL TERM
Topical Term Civil service - Great Britain
700 ## - ADDED ENTRY--PERSONAL NAME
Personal name Pyper, Robert
991 ## -
-- 47732
Holdings
Withdrawn status Lost status Damaged status Not for loan Home library Current library Shelving location Date acquired Full call number Accession Number Price effective from Koha item type
        Anna Centenary Library Anna Centenary Library 4TH FLOOR, A WING 12.10.2020 351.41 BUR 305543 12.10.2020 English Books

Find us on the map